La enseñanza-aprendizaje de la actitud de solidaridad en el aula : una propuesta de trabajo centrada en la aplicación de la técnica puzzle de Aronson (Record no. 110855)

MARC details
000 -CABECERA
campo de control de longitud fija 00719nab a2200205 a 4500
005 - FECHA Y HORA DE LA ÚLTIMA TRANSACCIÓN
campo de control 20210223125639.0
008 - ELEMENTOS DE LONGITUD FIJA--INFORMACIÓN GENERAL
campo de control de longitud fija 991125s1985 mx 000 0 spa u
035 ## - NÚMERO DE CONTROL DEL SISTEMA
Número de control de sistema UPN01000138707
100 1# - ASIENTO PRINCIPAL--NOMBRE PERSONAL
Nombre de persona Traver Martí, Joan
222 ## - TÍTULO CLAVE
Título clave REVISTA ESPAÑOLA DE PEDAGOGIA
245 ## - MENCIÓN DE TÍTULO
Título La enseñanza-aprendizaje de la actitud de solidaridad en el aula : una propuesta de trabajo centrada en la aplicación de la técnica puzzle de Aronson
300 ## - DESCRIPCIÓN FÍSICA
Extensión 419-437
362 0# - FECHAS DE PUBLICACIÓN Y/O DESIGNACIÓN SECUENCIAL
Fecha de publicación y/o designación secuencial 2004 Año 62, no. 229, sept.-dic.
653 0# - TERMINO DE INDIZACION - NO CONTROLADO
Término no controlado VALORES
653 0# - TERMINO DE INDIZACION - NO CONTROLADO
Término no controlado ESTRATEGIAS DE ENSEÑANZA
653 0# - TERMINO DE INDIZACION - NO CONTROLADO
Término no controlado ROMPECABEZAS
653 0# - TERMINO DE INDIZACION - NO CONTROLADO
Término no controlado PROCESO ENSEÑANZA-APRENDIZAJE
700 1# - ASIENTO SECUNDARIO--NOMBRE DE PERSONAL
Nombre de persona García López, Rafaela,
Término indicativo de función/relación coaut.
9 (RLIN) 34178
905 ## - TIPO DE MATERIAL
Tipo de material Articulo

No items available.